000 00861nam a2200229Ii 4500
003 JO-AjNU
008 230605s9999||||xx |||||||||||||| ||und||
017 _a2020/5/1478
020 _a978-9957-35-457-2
040 _aJO-AjNU
_bara
_erda
_cJO-AjNU
041 _aara
050 1 4 _aHC79.2021
100 3 _aوليد، شنوح,
_eauthor
_964335
245 0 0 _aالتحليل الاقتصادي البيئي=Environmental economic analysis
250 _aط1
264 3 1 _aعمان: مركز الكتاب الاكاديمي، 2022
300 _a288ص
_bيحتوي على اشكال وجداول توضيحية
336 _atext
_btxt
_2rdacontent
337 _aunmediated
_bn
_2rdamedia
338 _avolume
_bnc
_2rdacarrier
650 4 _aالاقتصاد البيئي-التلوث البيئي-الموارد الطبيعية-سياسة البيئة
_964336
999 _aA29231
_c32799
_d32799